[Event "FRA-chT2 Nord 0708"]
[Site "France"]
[Date "2008.01.20"]
[Round "6.8"]
[White "Scozzesi, Morgane"]
[Black "Flament, Mamit"]
[Result "1-0"]
[WhiteElo "1009"]
[BlackElo "1499"]
[PlyCount "67"]
[EventDate "2007.10.21"]
[EventType "team"]
[EventRounds "11"]
[EventCountry "FRA"]
[SourceTitle "EXT 2009"]
[Source "ChessBase"]
[SourceDate "2008.11.26"]
[SourceVersion "1"]
[SourceVersionDate "2008.11.26"]
[SourceQuality "1"]
[WhiteTeam "Arcueil"]
[BlackTeam "Le Touquet"]
[WhiteTeamCountry "FRA"]
[BlackTeamCountry "FRA"]

1. g3 d5 2. Bg2 Nf6 3. Nf3 e6 4. 0-0 Bd6 5. d3 c5 6. Bd2 0-0 7. Nc3 Nc6 8. Bh3 d4 9. Nb1 e5 10. Na3 Bxh3 11. Re1 Qd7 12. Nh4 Ng4 13. f3 Nf6 14. Bg5 Nb4 15. c3 dxc3 16. bxc3 Nbd5 17. c4 Nc3 18. Qd2 Qa4 19. Rec1 Qxa3 20. Rxc3 Qb4 21. e3 Bc7 22. e4 Ba5 23. a3 Qb6 24. Qe1 Bxc3 25. Qxc3 Rad8 26. Qd2 Rd6 27. Qc1 Rfd8 28. Rb1 Qa6 29. Nf5 Rxd3 30. Bh4 Rxf3 31. Qd1 Rxd1+ 32. Rxd1 g6 33. Bxf6 Rxf5 34. Rd8# 1-0